000
00303nam a22001337a 4500
008
170331b xxu||||| |||| 00| 0 eng d
020
_a
9780954896553
041
_a
eng
080
_a
616-053.2
100
_a
8
101
_a
SHM
245
_a
CLINICAL EVIDENCE PEDIATRICS
_c
ALDEN, E.R
942
_2
udc
_c
BK
999
_c
9200
_d
9200